[Event "TUR Cup"]
[Site "Denizli"]
[Date "2023.07.21"]
[Round "8"]
[White "Filiz, Enes Kayra"]
[Black "Yildiz, Kerem Barkin"]
[Result "1-0"]
[WhiteElo "1372"]
[BlackElo "1323"]
[PlyCount "65"]
[EventDate "2023.07.16"]
[EventType "team-tourn"]
[EventRounds "9"]
[EventCountry "TUR"]
[SourceTitle "CBM 215 Extra"]
[Source "ChessBase"]
[SourceDate "2023.09.30"]
[SourceVersion "1"]
[SourceVersionDate "2023.09.30"]
[SourceQuality "1"]

1. c4 Nf6 2. g3 e6 3. Bg2 d5 4. d4 dxc4 5. Nf3 c5 6. e3 Nc6 7. 0-0 Be7 8. Qa4 0-0 9. Qxc4 cxd4 10. exd4 Nb4 11. a3 Nbd5 12. Ne5 Rb8 13. Qd3 Qb6 14. Nc3 Rd8 15. Rd1 Bd7 16. Nxd5 Nxd5 17. Bxd5 exd5 18. Nxd7 Rxd7 19. Bf4 Rc8 20. b4 Bf6 21. Rac1 Rxc1 22. Rxc1 g6 23. Rc8+ Kg7 24. Qe3 Bxd4 25. Qe8 Bxf2+ 26. Kg2 Rd8 27. Rxd8 g5 28. Qf8+ Kg6 29. Rd6+ Qxd6 30. Qxd6+ Kg7 31. Kxf2 gxf4 32. gxf4 h5 33. Qxd5 1-0